Statistiques concernant Devinez le Pays Mystère #23

Cliquez ici pour prendre le quiz!

Statistiques générales

  • Ce quiz a été pris 468 fois
  • Le résultat moyen est 14 sur 19

Statistiques - réponses

Type de RéponseRéponse% Correct
Lettre TrouvéeE
100%
Lettre TrouvéeA
97%
Lettre Bien PlacéeE
96%
Lettre TrouvéeN
95%
Lettre TrouvéeÏ
91%
Lettre TrouvéeL
90%
Lettre TrouvéeA
88%
Lettre TrouvéeT
87%
Lettre Bien PlacéeA
86%
Lettre TrouvéeD
68%
Lettre Bien PlacéeA
63%
Lettre Bien PlacéeÏ
62%
Lettre Bien PlacéeD
58%
Lettre Bien PlacéeH
58%
Lettre TrouvéeH
58%
Lettre Bien PlacéeL
58%
Lettre Bien PlacéeN
58%
Lettre Bien PlacéeT
58%
Pays MystèreThaïlande
58%

Distribution des résultats

Percentile par nombre de réponses

% des personnes avec chaque résultat

Votre développement - résultats

Vous n’avez pas pris ce quiz